| 000 | 00714nam a2200217 a 4500 | ||
|---|---|---|---|
| 001 | 10412 | ||
| 003 | CO-ViMGA | ||
| 008 | 141112s2004 ck r 000 u spa d | ||
| 020 | _a8474234638 | ||
| 040 |
_aCO-ViMGA _bspa _cCO-ViMGA |
||
| 082 | 0 | 4 | _a940.21 P17r |
| 100 | 1 |
_aParker ; Geoffrey, Pirirs Alberto, _913879 |
|
| 245 | 1 | 0 |
_aLa Revolución Militar : _bLas innovaciones militares y el apogeo de Occidente, 1500 - 1800 |
| 260 |
_aBarcelona : _bEditorial Critica, _c1990 |
||
| 300 | _a299p. | ||
| 650 | 1 | 4 |
_aEUROPA - CONDICIONES - ECONOMICAS _913880 |
| 650 | 1 | 4 |
_aEUROPA - CONDICIONES - SOCIALES _913881 |
| 650 | 1 | 4 |
_aEUROPA - HISTORIA - 1500 - 1800 _913882 |
| 650 | 1 | 4 |
_aREVOLUCIONES _913883 |
| 942 |
_2ddc _cBK |
||
| 999 |
_c21758 _d21758 |
||